| 000 | 00433nam a2200157Ia 4500 | ||
|---|---|---|---|
| 005 | 20250606024320.0 | ||
| 008 | 240331s9999 xx 000 0 und d | ||
| 020 | _a9559111027 | ||
| 082 |
_bABE _a305 |
||
| 100 | _aAbesekera, M | ||
| 245 | 0 | _aApedaruvanta siduvanne kumakktha | |
| 260 |
_aDehiwala _bDemocratic rights _c1993 |
||
| 300 | _a106 p ., | ||
| 500 | _aA Statement from the movement to protect democratic rights | ||
| 942 | _cL | ||
| 999 |
_c1526 _d1526 |
||